| 000 | 01144nam0a22002771 4500 | ||
|---|---|---|---|
| 001 | rc\4332184 | ||
| 005 | 20250612051818.0 | ||
| 021 |
_aRU _b[57-38674] |
||
| 035 | _a(NLR Aleph) 008518500 | ||
| 090 |
_a8213482 _c8213482 |
||
| 100 | _a20130416d1957 |||y0rusy50 ca | ||
| 101 | 0 | _arus | |
| 102 | _aRU | ||
| 105 | _ay z ||||| | ||
| 200 | 1 |
_aОрганизация перевозок на воздушном транспорте _fМ-во высш. образования СССР. Моск. инж.-экон. ин-т им. Серго Орджоникидзе. Кафедра экономики и организации воздуш. транспорта |
|
| 210 |
_aМосква _cБ. и. _d1957 |
||
| 215 |
_a83 с. _d20 |
||
| 300 | _aПеред загл. авт.: канд. экон. наук Н.Н. Громов | ||
| 333 | _aНа правах рукописи | ||
| 606 |
_aВоздушные перевозки _xОрганизация _2psbo |
||
| 700 | 1 |
_aГромов _bН.Н. _gНиколай Николаевич |
|
| 801 | 0 |
_aRU _bNLR _gpsbo |
|
| 801 | 1 |
_aRU _bELAR _2rusmarc |
|
| 852 |
_aNLR _j57-4/9985 |
||
| 942 | _cBOOK | ||
| 980 | _aNB | ||